Un David callejero (Record no. 158257)

MARC details
000 -LEADER
campo de control de longitud fija 01114nam a2200217 i 4500
001 - NÚMERO DE CONTROL
campo de control 158257
003 - IDENTIFICADOR DE NÚMERO DE CONTROL
campo de control ES-MaACL
005 - FECHA Y HORA DE LA ÚLTIMA TRANSACCIÓN
campo de control 20250824053552.0
008 - DATOS DE LONGITUD FIJA--INFORMACIÓN GENERAL
campo de control de longitud fija 931025s1874 sp |||| | spa d
100 0# - ENTRADA PRINCIPAL--NOMBRE DE PERSONA
Nombre de persona Lustonó, Eduardo de.
9 (RLIN) 74865
245 13 - MENCIÓN DEL TÍTULO
Título Un David callejero
Resto del título : zarzuela en un acto y en prosa /
Mención de responsabilidad, etc. letra de Lustonó, y Barrera ; música de Manuel Fernández Grajal.
260 ## - PUBLICACIÓN, DISTRIBUCIÓN, ETC.
Lugar de publicación, distribución, etc. Madrid :
Nombre del editor, distribuidor, etc. [s.n.],
Fecha de publicación, distribución, etc. 1874 (
Fabricante Imprenta de Gabriel Alhambra)
300 ## - DESCRIPCIÓN FÍSICA
Extensión 18 p. ;
Dimensiones 19 cm.
490 1# - MENCIÓN DE SERIE
Mención de serie Biblioteca dramática : colección de comedias y zarzuelas bufas y serias representadas con éxito en los teatros de Madrid y provincia
500 ## - NOTA GENERAL
Nota general En port.: "Estrenada con aplauso en Madrid, en el Teatro de la Zarzuela, el 11 de mayo de 1874"
700 1# - ENTRADA AGREGADA--NOMBRE PERSONAL
Nombre de persona Barrera, Pedro María.
9 (RLIN) 25922
700 1# - ENTRADA AGREGADA--NOMBRE PERSONAL
Nombre de persona Fernández Grajal, Manuel.
9 (RLIN) 127040
830 00 - PUNTO DE ACCESO ADICIONAL DE SERIE-TÍTULO UNIFORME
Título uniforme Biblioteca dramática
9 (RLIN) 242024
852 ## - LOCALIZACIÓN
Ubicación ES-MaACL
Número de control de estantería F-8555(5)
Nota libre -- Enc. pasta española
condición física -- Falto de la cub. original
Nota libre -- Enc. en un vol. facticio, formando parte de la col. facticia "Teatro español moderno", v.7
Holdings
Estatus retirado Estado de pérdida Estado de daño No para préstamo Colección Biblioteca de origen Biblioteca actual Ubicación en estantería Fecha de adquisición Total de préstamos Signatura topográfica completa Código de barras Visto por última vez Precio de reemplazo Tipo de ítem Koha
        Libros del s. XIX Biblioteca del Ateneo de Madrid Biblioteca del Ateneo de Madrid Sala Pecera Planta 2 17/01/2008   F-8555(5) 1165633 23/02/2023 23/02/2023 Libro impreso antiguo